Birds by Letter - S #1 - Statistics

General Stats
  • This quiz has been taken 28 times
  • The average score is 8 of 24
Answer Stats
Picture Answer % Correct
Swan
100%
Spoonbill
84%
Skua
68%
Sparrowhawk
60%
Shag
52%
Starling
52%
Scoter
44%
Shearwater
44%
Stilt
44%
Shrike
40%
Shelduck
32%
Sunbird
32%
Siskin
24%
Saddleback
16%
Scimitarbill
16%
Stint
16%
Seedsnipe
12%
Shama
8%
Sittella
8%
Sapayoa
4%
Saltator
0%
Spadebill
0%
Spinetail
0%
Starfrontlet
0%
No matching quizzes found
Score Distribution
Percent of People with Each Score
Percentile by Number Answered
Your Score History
You have not taken this quiz